Southville International School and Colleges
Your cart is empty.
  • Cart
  • Lists
    Public lists list_1 View all
    Your lists Log in to create your own lists
  • Log in to your account
  • Your cookies
  • Search history
Southville International School and Colleges
  • Advanced search
  • Recent comments
  • Most popular
  • Libraries

Log in to your account

Log in with GOOGLE


If you do not have an external account, but do have a local account, you can still log in:

  1. Home
  2. MARC view: My first book on the human body / :
Normal view MARC view ISBD view

My first book on the human body / : (Record no. 114827)

[ view plain ]
MARC details
000 -LEADER
fixed length control field 00522nam a2200169 a 4500
001 - CONTROL NUMBER
control field 3481
005 - DATE AND TIME OF LATEST TRANSACTION
control field 20140414132113.0
008 - FIXED-LENGTH DATA ELEMENTS--GENERAL INFORMATION
fixed length control field 040715s19uu xx 00 eng d
020 ## - INTERNATIONAL STANDARD BOOK NUMBER
International Standard Book Number 0755435060
050 ## - LIBRARY OF CONGRESS CALL NUMBER
Classification number REF 611
Item number F522 2004
245 ## - TITLE STATEMENT
Title My first book on the human body / :
Remainder of title a visual guide to human anatomy.
260 ## - PUBLICATION, DISTRIBUTION, ETC. (IMPRINT)
Place of publication, distribution, etc North Parade, UK :
Name of publisher, distributor, etc Grandream Books,
Date of publication, distribution, etc 2004.
300 ## - PHYSICAL DESCRIPTION
Extent 48 p. : ill. ; cm.
650 ## - SUBJECT ADDED ENTRY--TOPICAL TERM
Topical term or geographic name as entry element Human anatomy
General subdivision Juvenile literature.
650 ## - SUBJECT ADDED ENTRY--TOPICAL TERM
Topical term or geographic name as entry element Human body
General subdivision Juvenile literature.
Holdings
Withdrawn status Lost status Damaged status Use restrictions Home library Current library Shelving location Date acquired Source of acquisition Total Checkouts Full call number Barcode Date last seen Price effective from Koha item type
        Munich Library Munich Library Reference Section 07/15/2004     REF 611 F522 2004 M6734 04/14/2014 04/14/2014 Books

My first book on the human body / :

APA

(2004). My first book on the human body. North Parade, UK: Grandream Books.

Chicago

2004. My first book on the human body. North Parade, UK: Grandream Books.

Harvard

(2004). My first book on the human body. North Parade, UK: Grandream Books.

MLA

My first book on the human body. North Parade, UK: Grandream Books. 2004.

  • Place hold
  • Print
  • Cite
  • Add to your cart (remove)
  • Save record
    BIBTEX Dublin Core MARCXML MARC (non-Unicode/MARC-8) MARC (Unicode/UTF-8) MARC (Unicode/UTF-8, Standard) MODS (XML) RIS
  • More searches
    Search for this title in:
    Other Libraries (WorldCat) Other Databases (Google Scholar) Online Stores (Bookfinder.com) Open Library (openlibrary.org)

Exporting to Dublin Core...

SOUTHVILLE LIBRARY

Southville International School and Colleges Library

1281 Tropical Ave. Cor. Luxembourg St., BF Homes International, Las Pinas City

Tel. No. 8256374 / 252358 Loc. 117/146

Powered by Koha